MAASAI MARA UNIVERSITY

LIBRARY CATALOGUE

Contact Us: +254 020 2685356/7 or 0774 057787

Box: 861-20500, NAROK, KENYA

Email: info@mmarau.ac.ke

Crime in Canadian context : (Record no. 25886)

MARC details
000 -LEADER
fixed length control field 00934pam a2200301 a 4500
001 - CONTROL NUMBER
control field 17164802
003 - CONTROL NUMBER IDENTIFIER
control field OSt
005 - DATE AND TIME OF LATEST TRANSACTION
control field 20210628123433.0
008 - FIXED-LENGTH DATA ELEMENTS--GENERAL INFORMATION
fixed length control field 120214s2011 onca b 001 0 eng
010 ## - LIBRARY OF CONGRESS CONTROL NUMBER
LC control number 2012359318
020 ## - INTERNATIONAL STANDARD BOOK NUMBER
International Standard Book Number 9780195433784 (pbk.)
020 ## - INTERNATIONAL STANDARD BOOK NUMBER
International Standard Book Number 0195422953 (pbk.)
035 ## - SYSTEM CONTROL NUMBER
System control number (OCoLC)ocn122706991
040 ## - CATALOGING SOURCE
Original cataloging agency MMU
Transcribing agency MMU
Language of cataloging eng
Modifying agency MMU
042 ## - AUTHENTICATION CODE
Authentication code pcc
043 ## - GEOGRAPHIC AREA CODE
Geographic area code n-cn---
050 00 - LIBRARY OF CONGRESS CALL NUMBER
Classification number HV6807
Item number .O47 2011
082 04 - DEWEY DECIMAL CLASSIFICATION NUMBER
Classification number 364.971
Edition number 22
100 1# - MAIN ENTRY--PERSONAL NAME
Personal name O'Grady, William,
Dates associated with a name 1959-
245 10 - TITLE STATEMENT
Title Crime in Canadian context :
Remainder of title debates and controversies /
Statement of responsibility, etc. William O'Grady.
250 ## - EDITION STATEMENT
Edition statement 2nd ed.
260 ## - PUBLICATION, DISTRIBUTION, ETC. (IMPRINT)
Place of publication, distribution, etc. Don Mills, Ont. :
Name of publisher, distributor, etc. Oxford University Press,
Date of publication, distribution, etc. 2011.
300 ## - PHYSICAL DESCRIPTION
Extent ix, 262 p. :
Other physical details ill. ;
Dimensions 23 cm.
500 ## - GENERAL NOTE
General note Includes bibliographical references and index.
650 #0 - SUBJECT ADDED ENTRY--TOPICAL TERM
Topical term or geographic name as entry element Criminology
Geographic subdivision Canada
Form subdivision Textbooks.
650 #0 - SUBJECT ADDED ENTRY--TOPICAL TERM
Topical term or geographic name as entry element Crime
Geographic subdivision Canada
General subdivision Sociological aspects
Form subdivision Textbooks.
942 ## - ADDED ENTRY ELEMENTS (KOHA)
Source of classification or shelving scheme Library of Congress Classification
Koha item type L
Edition 2nd ed.
Holdings
Withdrawn status Lost status Source of classification or shelving scheme Damaged status Not for loan Home library Current library Date acquired Source of acquisition Total Checkouts Full call number Barcode Date last seen Price effective from Koha item type
    Library of Congress Classification     Maasai Mara University Library -Main Campus Maasai Mara University Library -Main Campus 03/23/2017 Donation-T4C   HV6807.O47 2011 17028669 03/23/2017 03/23/2017 L
© 2016 Maasai Mara University.